| 000 | 00999nac a22002651u 4500 | ||
|---|---|---|---|
| 010 | _a 91043502 | ||
| 020 | _a0025178512 | ||
| 082 | 0 | 0 |
_a695 _bBRU |
| 090 |
_c7266 _d7266 |
||
| 100 | _aBrumbaugh, James E. | ||
| 245 | 1 | 0 |
_aComplete roofing handbook : _binstallation, maintenance, repair / _cby James E. Brumbaugh. |
| 250 |
_a2nd ed. / _brevised by John Leeke. |
||
| 260 |
_aNew York : _bMacmillan Pub. Co. ; _aToronto : _bMaxwell Macmillan Canada ; _aNew York : _bMaxwell Macmillan International,1992 _cc1992. |
||
| 300 |
_aix, 526, viii p. : _bill. ; _c22 cm. |
||
| 500 | _a"An Audel book." | ||
| 500 | _a"References": p. 513-519. | ||
| 500 | _aIncludes index. | ||
| 500 | _adistributer: Al-Ahram | ||
| 511 | _acatalogued by: wessam | ||
| 650 | 0 | _aRoofing. | |
| 650 | 0 |
_aRoofs _xMaintenance and repair. |
|
| 700 | 1 |
_aLeeke, John _q(John C.) |
|
| 856 | 4 | 1 |
_3Table of contents _uhttp://www.loc.gov/catdir/toc/wiley041/91043502.html |
| 942 |
_cBB _k695BRU |
||
| 999 |
_c7266 _d7266 |
||